LEADER 00831ohm 22002773a 450 001 996283345603316 005 20210513094813.0 010 $a978-1-118-00818-8 010 $a978-1-118-87164-5 100 $a20110615d2011---- uy 0 101 0 $aeng 102 $aGB 105 $ay 00 y 200 10$aHTML & CSS$edesign and build websites$fJon Duckett 210 $aIndianapolis, IN$cWiley$d2011 215 $a490 p.$cill.$d23 cm 606 0 $aSiti web$xProgettazione$xImpiego [di] HTML [e] CSS $2BNCF 676 $a006.74 700 $aDUCKETT,$bJon$0762271 801 0$bsalbc$gISBD$aIT$gISBD 912 $a996283345603316 951 $a006.74 DUC 1$b22825 EC.$c006.74$d439615 959 $aBK 969 $aECO 996 $aHTML & CSS$91545184 997 $aUNISA LEADER 00682nam a2200205 i 4500 001 991004344836307536 005 20240924114848.0 008 240924s1855 it er 001 0 ita d 040 $aBibl. Interfacoltà T. Pellegrino$bita$cSocioculturale Scs 041 0 $aita 082 04$a207$223 245 03$aIl giovane :$bdiretto negli esercizi di pietà cristiana : per uso delle scuole della Compagnia di Gesù 250 $a2. edizione 260 $aNapoli :$bStamperia del Fibreno,$c1855 300 $a285 p. ;$c15 cm 650 4$aCristianesimo$vTesti scolastici 710 1 $aGesuiti.$bCollegium Lupiense 912 $a991004344836307536 996 $aGiovane$94229241 997 $aUNISALENTO